000 01060ngm a22003730a 4500
001 PT43886
003 AR-LpoUNG
005 20210201235943.0
007 vd cvaizq
008 191001s[201||||ag |||||||||||||||||spa d
037 _c$10
040 _aAR-LpoUNG
_bspa
_cAR-LpoUNG
_eaacr
041 _aspa
044 _aag
082 0 _a302.1 617v2
100 1 _aBirri, Fernando
_edir.
245 1 4 _aLos inundados
260 _aRosario :
_bISCAA - ATE,
_c[2011].
300 _aDVD (87 min.) : son., byn
505 0 _aHecha en 1962.- Adaptación del libro de Mateo Bozz - Guión: Fernando Birri. - Fotografía: Adelqui Camusso. - Música: Ariel Ramírez. - Montaje: Antonio Ripoll
520 _aBasado en un cuento del escritor santafesino Mateo Booz.
650 4 _aARGENTINA
650 4 _aJUVENTUD
650 4 _aMARGINALIDAD
650 4 _aPOBREZA
650 4 _aPROBLEMAS SOCIALES
651 4 _aArgentina
653 _aCINE ARGENTINO
653 _aDOCUMENTALES
653 _aDVD
653 _aVIDEOS
905 _a43886
942 _cDVD
999 _c53832
_d53832